000 01108nam a22002177a 4500
999 _c57104
_d57104
003 Ge_BSU
005 20191119143753.0
008 191119s2018 ||||| |||| 00| 0 geo d
020 _a9789941263019
041 _ageo
080 _a81 თ-69
100 _aთოიძე, ათინა.
_95438
245 _aრეკლამის კომუნიკაციური ფუნქცია და სარეკლამო სლოგანის პარადოქსები:
_bქართული და ინგლისური ენების ბაზაზე /
_cათინა თოიძე ; რედ. ნატალია სურგულაძე.
264 _aთბილისი :
_bუნივერსალი,
_c2018.
300 _a143 გვ .:
_bილ;
_c21 სმ.
504 _aბიბლიოგრ.გვ:135-142
653 _aლინგვისტიკა
653 _aენათმეცნიერება
700 _aსურგულაძე, ნატალია
_eრედაქტორი
_95439
942 _2udc
_cBK